Opúsculos dispersos / (Record no. 127003)

MARC details
000 -LEADER
campo de control de longitud fija 00687nam a2200181 i 4500
001 - NÚMERO DE CONTROL
campo de control 127003
003 - IDENTIFICADOR DE NÚMERO DE CONTROL
campo de control ES-MaACL
005 - FECHA Y HORA DE LA ÚLTIMA TRANSACCIÓN
campo de control 20230906192926.0
007 - CAMPO FIJO DE DESCRIPCIÓN FÍSICA--INFORMACIÓN GENERAL
campo de control de longitud fija t|
008 - DATOS DE LONGITUD FIJA--INFORMACIÓN GENERAL
campo de control de longitud fija 070214s1952 mr r ||||1| spa d
100 1# - ENTRADA PRINCIPAL--NOMBRE DE PERSONA
Nombre de persona Ribera, Julián (
Fechas asociadas al nombre 1858-1934)
9 (RLIN) 96779
245 10 - MENCIÓN DEL TÍTULO
Título Opúsculos dispersos /
Mención de responsabilidad, etc. Julián Ribera Tarragó ; prólogo de Guillermo Guastavino Gallent.
260 ## - PUBLICACIÓN, DISTRIBUCIÓN, ETC.
Lugar de publicación, distribución, etc. Tetuán :
Nombre del editor, distribuidor, etc. Instituto General Franco de Estudios e Investigación Hispano-árabe,
Fecha de publicación, distribución, etc. 1952.
300 ## - DESCRIPCIÓN FÍSICA
Extensión 67 p. ;
Dimensiones 21 cm.
700 1# - ENTRADA AGREGADA--NOMBRE PERSONAL
Nombre de persona Guastavino Gallent, Guillermo.
9 (RLIN) 60369
710 2# - ENTRADA AGREGADA--NOMBRE DE ENTIDAD CORPORATIVA
Nombre de entidad corporativa o nombre de jurisdicción como elemento de entrada Instituto General Franco de Estudios e Investigación Hispano-Árabe.
9 (RLIN) 149197
852 ## - LOCALIZACIÓN
Ubicación ES-MaACL
Número de control de estantería 1993-F-5
Sublocalización o colección R.38825
Holdings
Estatus retirado Estado de pérdida Estado de daño No para préstamo Colección Biblioteca de origen Biblioteca actual Ubicación en estantería Fecha de adquisición Fuente de adquisición Total de préstamos Signatura topográfica completa Código de barras Visto por última vez Precio de reemplazo Tipo de ítem Koha
        Colección de folletos Biblioteca del Ateneo de Madrid Biblioteca del Ateneo de Madrid Depósito folletos 17/01/2008     1993-F-5 1132280 23/02/2023 23/02/2023 Folleto